Tess of the D'Urbervilles (Record no. 114238)
[ view plain ]
| 000 -LEADER | |
|---|---|
| fixed length control field | 00715nam a2200217Ia 4500 |
| 003 - CONTROL NUMBER IDENTIFIER | |
| control field | OSt |
| 005 - DATE AND TIME OF LATEST TRANSACTION | |
| control field | 20251104095000.0 |
| 008 - FIXED-LENGTH DATA ELEMENTS--GENERAL INFORMATION | |
| fixed length control field | 210210b1974 xxu||||| |||| 00| 0 eng d |
| 040 ## - CATALOGING SOURCE | |
| Transcribing agency | AL |
| 041 ## - LANGUAGE CODE | |
| Language code of text/sound track or separate title | Kannada |
| 082 ## - DEWEY DECIMAL CLASSIFICATION NUMBER | |
| Classification number | K894.3 HART |
| 100 ## - MAIN ENTRY--PERSONAL NAME | |
| Personal name | HARDI (Thomas). |
| Dates associated with a name | ಥಾಮಸ್ ಹಾರ್ಡಿ |
| 9 (RLIN) | 243702 |
| 245 ## - TITLE STATEMENT | |
| Title | Tess of the D'Urbervilles |
| Remainder of title | ಟೆಸ್ ಆಫ್ ದಿ ಡಿ'ಉರ್ಬರ್ವಿಲ್ಲೆಸ್ |
| 260 ## - PUBLICATION, DISTRIBUTION, ETC. | |
| Place of publication, distribution, etc. | Bengaluru |
| Name of publisher, distributor, etc. | Sharada Prakatanalalya |
| Date of publication, distribution, etc. | 1974 |
| 300 ## - PHYSICAL DESCRIPTION | |
| Extent | xiv,464 |
| 650 ## - SUBJECT ADDED ENTRY--TOPICAL TERM | |
| Topical term or geographic name entry element | Nagarajarav Vi |
| 9 (RLIN) | 243703 |
| 690 ## - LOCAL SUBJECT ADDED ENTRY--TOPICAL TERM (OCLC, RLIN) | |
| Topical term or geographic name as entry element | Kannada Fiction |
| 9 (RLIN) | 243704 |
| 700 ## - ADDED ENTRY--PERSONAL NAME | |
| Personal name | V Nagarajarav. |
| Dates associated with a name | ವಿ ನಾಗರಾಜರಾವ್ tr. |
| 9 (RLIN) | 243705 |
| 906 ## - LOCAL DATA ELEMENT F, LDF (RLIN) | |
| a | SG03218 |
| 942 ## - ADDED ENTRY ELEMENTS (KOHA) | |
| Source of classification or shelving scheme | Dewey Decimal Classification |
| Koha item type | Book |
| Withdrawn status | Lost status | Source of classification or shelving scheme | Damaged status | Not for loan | Collection code | Home library | Current library | Shelving location | Date acquired | Cost, normal purchase price | Total Checkouts | Full call number | Barcode | Date last seen | Price effective from | Koha item type |
|---|---|---|---|---|---|---|---|---|---|---|---|---|---|---|---|---|
| Dewey Decimal Classification | Kannada | St Aloysius Library | St Aloysius Library | 02/17/2021 | 0.00 | K894.3 HART | SG03218 | 02/17/2021 | 02/17/2021 | Special Grants |